| 000 | 00328nam a2200121Ia 4500 | ||
|---|---|---|---|
| 005 | 20251222154312.0 | ||
| 008 | 251222s9999||||xx |||||||||||||| ||spa|| | ||
| 020 | _a84-8055-128-3 | ||
| 082 | _aREF.577/C96M | ||
| 100 | _aCultural S. A. | ||
| 245 | 0 | _aAtlas mundial del medio ambiente: Preservación de la naturaleza | |
| 942 | _cLIB | ||
| 999 |
_c33430 _d33430 |
||